[Event "SVK-chT2A 9798"]
[Site "Slovakia"]
[Date "1998.??.??"]
[Round "?"]
[White "Garaj, Ivan"]
[Black "Triska, Miroslav"]
[Result "1/2-1/2"]
[WhiteElo "1750"]
[BlackElo "1970"]
[PlyCount "88"]
[EventDate "1997.??.??"]
[EventType "team"]
[EventRounds "11"]
[EventCountry "SVK"]
[SourceTitle "EXT 2001"]
[Source "ChessBase"]
[SourceDate "2000.11.22"]
[SourceVersion "1"]
[SourceVersionDate "2000.11.22"]
[SourceQuality "1"]

1. d4 d5 2. c4 c6 3. Nc3 Nf6 4. Bg5 e6 5. e3 Be7 6. Nf3 Nbd7 7. Qc2 Nh5 8. Bxe7 Qxe7 9. Be2 Nhf6 10. a3 e5 11. dxe5 Nxe5 12. cxd5 Nxd5 13. Nxe5 Qxe5 14. Nxd5 Qxd5 15. 0-0 Bf5 16. Qc3 0-0 17. Rfd1 Qe6 18. Rd4 Rad8 19. Rad1 Qe7 20. h3 h6 21. Qa5 Rxd4 22. Rxd4 Qg5 23. g4 Be6 24. Qxg5 hxg5 25. Bd3 g6 26. f3 Kg7 27. Kf2 f6 28. Rd6 Bb3 29. Rd7+ Rf7 30. Rxf7+ Kxf7 31. f4 gxf4 32. exf4 c5 33. h4 b6 34. Ke3 Bd5 35. Be4 Bc4 36. f5 gxf5 37. Bxf5 Bd5 38. h5 Kg7 39. Be4 Be6 40. Kf4 Kh6 41. Bf5 Bd5 42. Bd7 Bb3 43. Bb5 Be6 44. Bd3 Bg8 1/2-1/2